Least Populated U.S. Territories and States - Statistics

General Stats
  • This quiz has been taken 333 times
  • The average score is 7 of 10
Answer Stats
Population Territory % Correct
577,737 Wyoming
89%
165,718 Guam
88%
737,438 Alaska
80%
760,077 North Dakota
75%
882,235 South Dakota
74%
104,914 U.S. Virgin Islands
74%
626,299 Vermont
69%
55,641 American Samoa
68%
55,194 Northern Mariana Islands
49%
702,455 District of Columbia
33%
No matching quizzes found
Score Distribution
Percent of People with Each Score
Percentile by Number Answered
Your Score History
You have not taken this quiz